[Event "IECC 2014-1.06"]
[Site "IECC email"]
[Date "2014.01.05"]
[Round "?"]
[White "Bennett, Gary"]
[Black "Gavrileteanu, Lucian"]
[Result "0-1"]
[WhiteElo "1646"]
[BlackElo "1896"]
[PlyCount "100"]
[EventDate "2014.??.??"]
[EventType "tourn (corr)"]
[SourceTitle "Corr 2020"]
[Source "ChessBase"]
[SourceDate "2019.09.30"]
[SourceVersion "1"]
[SourceVersionDate "2019.09.30"]
[SourceQuality "1"]
[WhiteTeam "Australia"]
[BlackTeam "Romania"]
[WhiteTeamCountry "AUS"]
[BlackTeamCountry "ROU"]

1. e4 e5 2. Nf3 Nc6 3. Bc4 Bc5 4. 0-0 d6 5. Nc3 Nf6 6. d3 Na5 7. Bg5 Nxc4 8. dxc4 Be6 9. Nd5 Bxd5 10. cxd5 h6 11. Bxf6 Qxf6 12. a3 0-0 13. b4 Bb6 14. c3 Qf4 15. Re1 f5 16. Qc2 a5 17. exf5 Qxf5 18. Rac1 g5 19. h3 h5 20. c4 axb4 21. axb4 g4 22. c5 Bxc5 23. bxc5 gxf3 24. g3 Qxc2 25. Rxc2 Ra5 26. cxd6 cxd6 27. Rd1 Rfa8 28. Kh2 Ra2 29. Rdd2 Rxc2 30. Rxc2 Ra5 31. Rc8+ Kg7 32. Rc7+ Kg6 33. Rxb7 Kf5 34. Rh7 Ra2 35. g4+ hxg4 36. Kg3 gxh3 37. Rxh3 Ke4 38. Rh4+ Kxd5 39. Kxf3 e4+ 40. Ke3 Ra3+ 41. Ke2 Ke5 42. Rh1 d5 43. Rh5+ Kd4 44. Rh4 Ra2+ 45. Ke1 Kd3 46. Rh3+ Kc2 47. f3 Ra1+ 48. Ke2 Ra3 49. Rh2 Rxf3 50. Ke1+ Kc3 0-1

[Event "IECC KO-2110"]
[Site "IECC email"]
[Date "2010.07.08"]
[Round "?"]
[White "Bennett, Gary"]
[Black "Von Rosenberg, Clemens"]
[Result "1-0"]
[WhiteElo "1617"]
[BlackElo "1397"]
[PlyCount "47"]
[EventDate "2010.??.??"]
[EventType "tourn (corr)"]
[SourceTitle "Telechess CBM 149"]
[Source "ChessBase"]
[SourceDate "2012.07.17"]
[SourceVersion "1"]
[SourceVersionDate "2012.07.17"]
[SourceQuality "1"]
[WhiteTeam "Australia"]
[BlackTeam "Germany"]
[WhiteTeamCountry "AUS"]
[BlackTeamCountry "GER"]

1. c4 c5 2. Nf3 Nf6 3. Nc3 Nc6 4. d4 cxd4 5. Nxd4 g6 6. e4 Nxd4 7. Qxd4 d6 8. c5 e5 9. Qa4+ Bd7 10. Bb5 a6 11. c6 bxc6 12. Bxc6 Qc8 13. Bxd7+ Qxd7 14. Qxd7+ Nxd7 15. Nd5 Rc8 16. 0-0 f5 17. Bd2 fxe4 18. Rac1 Rb8 19. b3 Rb7 20. Rc7 Rxc7 21. Nxc7+ Kf7 22. Re1 Be7 23. Rxe4 Nc5 24. Re3 1-0

[Event "IECC KO-2110"]
[Site "IECC email"]
[Date "2010.07.08"]
[Round "?"]
[White "Von Rosenberg, Clemens"]
[Black "Bennett, Gary"]
[Result "0-1"]
[WhiteElo "1390"]
[BlackElo "1624"]
[PlyCount "44"]
[EventDate "2010.??.??"]
[EventType "tourn (corr)"]
[SourceTitle "Telechess CBM 149"]
[Source "ChessBase"]
[SourceDate "2012.07.17"]
[SourceVersion "1"]
[SourceVersionDate "2012.07.17"]
[SourceQuality "1"]
[WhiteTeam "Germany"]
[BlackTeam "Australia"]
[WhiteTeamCountry "GER"]
[BlackTeamCountry "AUS"]

1. e4 c5 2. Nf3 Nc6 3. d4 cxd4 4. Nxd4 e5 5. Nb5 Nf6 6. N1c3 Bb4 7. a3 Be7 8. Nd6+ Bxd6 9. Qxd6 Qe7 10. Qxe7+ Nxe7 11. Bg5 a6 12. Bc4 b5 13. Bxf6 gxf6 14. Bd5 Rb8 15. 0-0-0 Bb7 16. Bxb7 Rxb7 17. Rd6 Ra7 18. Rxf6 Rg8 19. g3 Nc6 20. Rh6 Rg7 21. Rd1 Nd4 22. f4 Nc6 0-1

[Event "IECC CL4-2009.13 email"]
[Site "IECC email"]
[Date "2009.11.07"]
[Round "?"]
[White "Bennett, Gary"]
[Black "Basson, Heinrich"]
[Result "0-1"]
[WhiteElo "1610"]
[BlackElo "1799"]
[PlyCount "64"]
[EventDate "2009.??.??"]
[EventType "tourn (corr)"]
[EventRounds "4"]
[SourceTitle "Telechess CBM 137"]
[Source "ChessBase"]
[SourceDate "2010.07.15"]
[SourceVersion "1"]
[SourceVersionDate "2010.07.15"]
[SourceQuality "1"]
[WhiteTeam "Australia"]
[BlackTeam "South Africa"]
[WhiteTeamCountry "AUS"]
[BlackTeamCountry "RSA"]

1. d4 d5 2. c4 e6 3. Nf3 Nf6 4. Nc3 Be7 5. Bf4 0-0 6. e3 Nc6 7. Bd3 Nh5 8. cxd5 exd5 9. Bg3 Nb4 10. Ne5 Nxd3+ 11. Nxd3 Nf6 12. 0-0 c6 13. Ne5 Re8 14. Re1 Qb6 15. Qe2 Bf5 16. Qf3 Be6 17. Rab1 Ne4 18. Nxe4 dxe4 19. Qe2 Bxa2 20. Ra1 Bd5 21. Rab1 a5 22. Nd7 Qa6 23. Ne5 Qxe2 24. Rxe2 Rad8 25. Rc2 a4 26. Ra1 Bb3 27. Rcc1 c5 28. dxc5 Bf6 29. Nc4 Bxc4 30. Rxc4 Bxb2 31. Rb1 a3 32. Ra4 Ra8 0-1

[Event "IECC CL4-2009.13 email"]
[Site "IECC email"]
[Date "2009.11.07"]
[Round "?"]
[White "Kinna, Michael"]
[Black "Bennett, Gary"]
[Result "1-0"]
[WhiteElo "1263"]
[BlackElo "1635"]
[PlyCount "43"]
[EventDate "2009.??.??"]
[EventType "tourn (corr)"]
[EventRounds "4"]
[SourceTitle "Telechess CBM 137"]
[Source "ChessBase"]
[SourceDate "2010.07.15"]
[SourceVersion "1"]
[SourceVersionDate "2010.07.15"]
[SourceQuality "1"]
[BlackTeam "Australia"]
[BlackTeamCountry "AUS"]

1. d4 Nf6 2. c4 e6 3. Nc3 Bb4 4. Qc2 c5 5. dxc5 Bxc5 6. Nf3 Nc6 7. e3 0-0 8. a3 d5 9. b4 Bd6 10. Bb2 dxc4 11. Bxc4 a6 12. Rd1 Qe7 13. 0-0 Bd7 14. Na4 e5 15. Nb6 Rad8 16. Ng5 g6 17. Nxd7 Rxd7 18. f4 exf4 19. exf4 Qd8 20. f5 Ne5 21. fxg6 Nxg6 22. Bxf6 1-0

[Event "IECC CL4-2009.13 email"]
[Site "IECC email"]
[Date "2009.11.07"]
[Round "?"]
[White "Shah, Sehba"]
[Black "Bennett, Gary"]
[Result "0-1"]
[WhiteElo "1638"]
[BlackElo "1586"]
[PlyCount "88"]
[EventDate "2009.??.??"]
[EventType "tourn (corr)"]
[EventRounds "4"]
[SourceTitle "Telechess CBM 149"]
[Source "ChessBase"]
[SourceDate "2012.07.17"]
[SourceVersion "1"]
[SourceVersionDate "2012.07.17"]
[SourceQuality "1"]
[WhiteTeam "Pakistan"]
[BlackTeam "Australia"]
[WhiteTeamCountry "PAK"]
[BlackTeamCountry "AUS"]

1. e4 e5 2. Nf3 Nc6 3. Bb5 a6 4. Ba4 Nf6 5. 0-0 b5 6. Bb3 Bb7 7. Re1 Bc5 8. c3 0-0 9. d4 Bb6 10. Bg5 d6 11. a4 Na5 12. Bc2 Re8 13. Nbd2 exd4 14. cxd4 h6 15. Bh4 Nc4 16. Nxc4 bxc4 17. a5 Ba7 18. Ra4 g5 19. Bxg5 hxg5 20. Nxg5 c5 21. d5 Nxd5 22. Qh5 Qf6 23. Rxc4 Qg7 24. Rd1 Nf4 25. Qh4 Bb8 26. g3 Re5 27. gxf4 Re6 28. Kf1 Rh6 29. Qg3 Ba7 30. Rc3 Rd8 31. Qg1 Kf8 32. Rg3 Qxb2 33. Bb3 c4 34. Bxc4 Rd7 35. e5 dxe5 36. Rxd7 Qc1+ 37. Ke2 Qxc4+ 38. Ke1 Qb4+ 39. Ke2 Qb2+ 40. Rd2 Qb5+ 41. Ke1 Qb1+ 42. Rd1 Qb4+ 43. Rd2 Rd6 44. Nf3 Qb1+ 0-1

[Event "IECC Swiss-547.1"]
[Site "IECC email"]
[Date "2009.10.17"]
[Round "?"]
[White "Santos, Felipe Mendonca"]
[Black "Bennett, Gary"]
[Result "1/2-1/2"]
[WhiteElo "1326"]
[BlackElo "1621"]
[PlyCount "64"]
[EventDate "2009.??.??"]
[EventType "tourn (corr)"]
[EventRounds "1"]
[SourceTitle "Telechess CBM 137"]
[Source "ChessBase"]
[SourceDate "2010.07.15"]
[SourceVersion "1"]
[SourceVersionDate "2010.07.15"]
[SourceQuality "1"]
[WhiteTeam "Brazil"]
[BlackTeam "Australia"]
[WhiteTeamCountry "BRA"]
[BlackTeamCountry "AUS"]

1. e4 Nf6 2. e5 Nd5 3. c4 Nb6 4. d4 d6 5. f4 dxe5 6. fxe5 Nc6 7. Be3 Bf5 8. Nc3 e6 9. Nf3 Bg4 10. Be2 Bxf3 11. gxf3 Qh4+ 12. Bf2 Qg5 13. h4 Qf4 14. c5 Nd7 15. Ne4 0-0-0 16. Qb3 f5 17. exf6 Nxf6 18. Qxe6+ Kb8 19. Nxf6 gxf6 20. Rd1 Bh6 21. Qe4 Rhe8 22. Qxf4 Bxf4 23. Rg1 Nb4 24. Rg4 Nc2+ 25. Kf1 Ne3+ 26. Bxe3 Bxe3 27. h5 Rg8 28. Bd3 Rxg4 29. fxg4 h6 30. b4 Rxd4 31. Ke2 Bg5 32. Bf5 Rxd1 1/2-1/2

[Event "IECC Swiss-473.4"]
[Site "IECC email"]
[Date "2005.05.22"]
[Round "?"]
[White "Nicolaescu, Nicolae"]
[Black "Bennett, Gary"]
[Result "1-0"]
[WhiteElo "1513"]
[BlackElo "1641"]
[PlyCount "67"]
[EventDate "2005.??.??"]
[EventType "swiss (corr)"]
[EventRounds "1"]
[SourceTitle "Corr 2008"]
[Source "ChessBase"]
[SourceDate "2008.06.24"]
[SourceVersion "1"]
[SourceVersionDate "2008.06.24"]
[SourceQuality "1"]

1. e4 c5 2. Nf3 d6 3. d4 Nf6 4. Nc3 cxd4 5. Nxd4 Nc6 6. Bg5 e6 7. Qd2 Be7 8. 0-0-0 0-0 9. f4 Nxd4 10. Qxd4 a6 11. e5 dxe5 12. Qxe5 Qb6 13. Be2 h6 14. Bh4 Rd8 15. Bf3 Bd7 16. Rd2 Bc6 17. Bf2 Qb4 18. a3 Rxd2 19. axb4 Rxf2 20. Qe3 Rxf3 21. gxf3 Bxb4 22. Rd1 Re8 23. Ne2 Nd5 24. Qb3 a5 25. Nd4 a4 26. Qd3 Ra8 27. Nxc6 bxc6 28. c4 Ne7 29. Qe4 a3 30. bxa3 Bxa3+ 31. Kc2 Bb4 32. Rd7 g6 33. Qe5 Nf5 34. c5 1-0

[Event "IECC KO email"]
[Site "IECC email"]
[Date "2002.10.24"]
[Round "?"]
[White "Bennett, Gary"]
[Black "Taner, Harun"]
[Result "1-0"]
[WhiteElo "1625"]
[BlackElo "1803"]
[PlyCount "95"]
[EventDate "2002.??.??"]
[EventType "tourn (corr)"]
[EventRounds "6"]
[SourceTitle "Corr 2008"]
[Source "ChessBase"]
[SourceDate "2008.06.24"]
[SourceVersion "1"]
[SourceVersionDate "2008.06.24"]
[SourceQuality "1"]

1. c4 d5 2. cxd5 Qxd5 3. Nc3 Qa5 4. Nf3 Bg4 5. e4 Nd7 6. h3 Bh5 7. d4 e6 8. Bd2 Bxf3 9. Qxf3 Qb6 10. d5 Ngf6 11. Bb5 c6 12. Ba4 0-0-0 13. 0-0 exd5 14. exd5 Nc5 15. Qf5+ Kb8 16. Bf4+ Bd6 17. Bxd6+ Rxd6 18. dxc6 bxc6 19. Qe5 Rhd8 20. Rfd1 Nb7 21. Rxd6 Nxd6 22. Rd1 Nfe8 23. Ne4 f6 24. Qg3 Qc7 25. Qb3+ Qb7 26. Bxc6 Qxb3 27. axb3 Kc7 28. Bxe8 Nxe8 29. Rxd8 Kxd8 30. f4 Kd7 31. Kf2 f5 32. Nc3 Nc7 33. Ke3 h6 34. g4 Ke6 35. b4 fxg4 36. hxg4 Nd5+ 37. Nxd5 Kxd5 38. b5 g6 39. Kd3 Ke6 40. Ke4 h5 41. Kf3 hxg4+ 42. Kxg4 Kd5 43. Kg5 Ke4 44. b4 Kf3 45. b6 axb6 46. b5 Ke4 47. Kxg6 Kxf4 48. Kf6 1-0

[Event "IECC CL5-2000.13"]
[Site "IECC email"]
[Date "2000.04.02"]
[Round "?"]
[White "Bennett, Gary"]
[Black "Allen, Dustin"]
[Result "1-0"]
[WhiteElo "1564"]
[BlackElo "1606"]
[PlyCount "33"]
[EventDate "2000.??.??"]
[EventType "tourn (corr)"]
[EventRounds "4"]
[SourceTitle "Corr 2008"]
[Source "ChessBase"]
[SourceDate "2008.06.24"]
[SourceVersion "1"]
[SourceVersionDate "2008.06.24"]
[SourceQuality "1"]

1. c4 g6 2. d4 Nf6 3. Nc3 Bg7 4. e4 0-0 5. Nf3 d5 6. e5 Ng4 7. cxd5 e6 8. dxe6 fxe6 9. Bc4 Qxd4 10. Qxd4 Bxe5 11. Nxe5 Nxf2 12. Rf1 Nc6 13. Nxc6 Bd7 14. Ne7+ Kf7 15. Rxf2+ Kxe7 16. Qc5+ Ke8 17. Rxf8# 1-0

[Event "IECC CL5-2000.13"]
[Site "IECC email"]
[Date "2000.04.02"]
[Round "?"]
[White "D'Elia, Michele"]
[Black "Bennett, Gary"]
[Result "1/2-1/2"]
[WhiteElo "1571"]
[BlackElo "1598"]
[PlyCount "90"]
[EventDate "2000.??.??"]
[EventType "tourn (corr)"]
[EventRounds "4"]
[SourceTitle "Corr 2008"]
[Source "ChessBase"]
[SourceDate "2008.06.24"]
[SourceVersion "1"]
[SourceVersionDate "2008.06.24"]
[SourceQuality "1"]

1. e4 c5 2. Nf3 d6 3. d4 Nf6 4. Nc3 cxd4 5. Nxd4 Nc6 6. Be2 g6 7. 0-0 Nxd4 8. Qxd4 Bg7 9. Qd1 0-0 10. f4 e6 11. Bd3 Nd7 12. Bc4 Qc7 13. Bd3 Bxc3 14. bxc3 Qxc3 15. Be3 Nc5 16. Bxc5 Qxc5+ 17. Kh1 b6 18. Qe2 Bb7 19. Rfb1 Qd4 20. f5 exf5 21. exf5 Rfe8 22. Qd2 gxf5 23. Qg5+ Qg7 24. Qxg7+ Kxg7 25. Bxf5 Re2 26. Rg1 Rae8 27. Rad1 R8e5 28. Bd3 R2e3 29. Rgf1 Rg5 30. Rf2 Rh5 31. Kg1 Rg5 32. Bc4 d5 33. Bd3 Bc8 34. Rdf1 Be6 35. Rf4 Rg4 36. Rxg4+ Bxg4 37. Rf4 Bd7 38. Kf2 Re5 39. c4 dxc4 40. Bxc4 Rf5 41. Rxf5 Bxf5 42. a3 Be6 43. Bd3 f5 44. Ke3 Kf6 45. Kd4 Bb3 1/2-1/2

[Event "IECC Swiss email"]
[Site "IECC email"]
[Date "2000.02.12"]
[Round "?"]
[White "Jasinski, Jim"]
[Black "Bennett, Gary"]
[Result "1/2-1/2"]
[WhiteElo "1353"]
[BlackElo "1572"]
[PlyCount "41"]
[EventDate "2000.??.??"]
[EventType "tourn (corr)"]
[EventRounds "6"]
[SourceTitle "Corr 2008"]
[Source "ChessBase"]
[SourceDate "2008.06.24"]
[SourceVersion "1"]
[SourceVersionDate "2008.06.24"]
[SourceQuality "1"]

1. d4 Nf6 2. c4 g6 3. Nc3 d5 4. cxd5 Nxd5 5. e4 Nxc3 6. bxc3 c5 7. Be3 Bg7 8. Bb5+ Bd7 9. Rb1 Qa5 10. Bxd7+ Nxd7 11. Ne2 cxd4 12. Bxd4 e5 13. Be3 b6 14. Rb2 Rd8 15. Rd2 a6 16. 0-0 Bf6 17. Qb3 0-0 18. Rfd1 Nc5 19. Bxc5 Qxc5 20. Rd5 Rxd5 21. exd5 1/2-1/2

[Event "IECC Trio 754 email"]
[Site "IECC email"]
[Date "1999.06.07"]
[Round "?"]
[White "Attardi, Ubaldo"]
[Black "Bennett, Gary"]
[Result "0-1"]
[WhiteElo "1600"]
[BlackElo "1460"]
[PlyCount "20"]
[EventDate "1999.??.??"]
[EventType "tourn (corr)"]
[EventRounds "4"]
[SourceTitle "Corr 2008"]
[Source "ChessBase"]
[SourceDate "2008.06.24"]
[SourceVersion "1"]
[SourceVersionDate "2008.06.24"]
[SourceQuality "1"]

1. d4 Nf6 2. c4 c5 3. Nf3 cxd4 4. Nxd4 e5 5. Nf3 Nc6 6. Bg5 Bc5 7. e4 Bxf2+ 8. Kxf2 Nxe4+ 9. Kg1 Qb6+ 10. Be3 Qxe3# 0-1

[Event "IECC Trio 754 email"]
[Site "IECC email"]
[Date "1999.06.07"]
[Round "?"]
[White "Bennett, Gary"]
[Black "Johnson, Bernard S"]
[Result "1/2-1/2"]
[WhiteElo "1530"]
[BlackElo "1513"]
[PlyCount "183"]
[EventDate "1999.??.??"]
[EventType "tourn (corr)"]
[EventRounds "4"]
[SourceTitle "Corr 2008"]
[Source "ChessBase"]
[SourceDate "2008.06.24"]
[SourceVersion "1"]
[SourceVersionDate "2008.06.24"]
[SourceQuality "1"]

1. d4 d5 2. e3 e6 3. Bd3 Bd6 4. c3 Nf6 5. Nf3 0-0 6. 0-0 c5 7. c4 cxd4 8. exd4 dxc4 9. Bxc4 Nbd7 10. Bg5 h6 11. Be3 Nb6 12. Bb3 Nbd5 13. Nc3 Nxc3 14. bxc3 Qc7 15. Qd3 Bd7 16. Rfe1 Bc6 17. Bd2 Bxf3 18. Qxf3 Bxh2+ 19. Kh1 Bd6 20. Rab1 Rac8 21. c4 Qe7 22. c5 Bb8 23. Ba4 Nd5 24. Kg1 Qh4 25. Qe4 Qh2+ 26. Kf1 Bf4 27. Bxf4 Nxf4 28. g3 Nd5 29. Qf3 Rc7 30. Bb3 Ne7 31. Bc2 Nc6 32. Red1 Rd8 33. d5 exd5 34. Rxd5 Rxd5 35. Qxd5 Qh3+ 36. Kg1 Qd7 37. Qe4 Kf8 38. Qh7 Nd4 39. Qh8+ Ke7 40. Qxg7 Nxc2 41. Qe5+ Kd8 42. Qh8+ Qe8 43. Qc3 Qe4 44. Rd1+ Rd7 45. Qf6+ Qe7 46. Rxd7+ Kxd7 47. Qf5+ Kc6 48. Qxc2 Qxc5 49. Qe4+ Qd5 50. Qa4+ Kb6 51. Qb4+ Kc7 52. Qe7+ Kc6 53. Qf6+ Kd7 54. a3 h5 55. Qf4 Kc8 56. a4 b6 57. Qc1+ Kd7 58. Kh2 Qd4 59. Qc2 h4 60. Qf5+ Kd6 61. Qxf7 hxg3+ 62. fxg3 Qxa4 63. Qf8+ Kd5 64. Qf7+ Ke5 65. Qh5+ Kd6 66. Qg6+ Kd7 67. g4 Qf4+ 68. Kg2 Qd2+ 69. Kf3 Qd1+ 70. Ke3 Qc1+ 71. Ke2 Qb2+ 72. Ke3 Qe5+ 73. Kf2 Qc5+ 74. Ke1 a5 75. Qd3+ Kc6 76. Qg6+ Kb5 77. Qb1+ Ka6 78. Qd3+ b5 79. Qg6+ Kb7 80. Qf7+ Kb6 81. Qf6+ Qc6 82. Qd4+ Ka6 83. Kd1 b4 84. g5 Qa4+ 85. Kd2 Qa2+ 86. Kc1 Qa3+ 87. Qb2 Qe3+ 88. Qd2 Qc5+ 89. Kb1 Qf5+ 90. Qc2 Qf1+ 91. Qc1 Qd3+ 92. Qc2 1/2-1/2

[Event "IECC CL5-1999.06"]
[Site "IECC email"]
[Date "1999.02.01"]
[Round "?"]
[White "Bennett, Gary"]
[Black "Stoffers, Ben"]
[Result "0-1"]
[WhiteElo "1485"]
[BlackElo "1293"]
[PlyCount "80"]
[EventDate "1999.??.??"]
[EventType "tourn (corr)"]
[EventRounds "4"]
[SourceTitle "Corr 2008"]
[Source "ChessBase"]
[SourceDate "2008.06.24"]
[SourceVersion "1"]
[SourceVersionDate "2008.06.24"]
[SourceQuality "1"]

1. e4 c5 2. Nf3 e6 3. d4 cxd4 4. Nxd4 a6 5. Nc3 Nc6 6. Bg5 Qa5 7. Be3 Bb4 8. Qd2 Nf6 9. Bd3 Nxd4 10. Bxd4 e5 11. Be3 d5 12. exd5 Nxd5 13. 0-0 Be6 14. a3 Nxe3 15. Qxe3 Bxc3 16. bxc3 Rc8 17. Rfe1 f6 18. Qe4 Rc7 19. c4 g6 20. Qh4 0-0 21. Qh6 Bxc4 22. Re3 Rd8 23. Qh3 Qc3 24. Bxc4+ Qxc4 25. c3 Kg7 26. Qf3 b5 27. Rc1 Qa2 28. Rd1 Rxd1+ 29. Qxd1 Qxa3 30. c4 Qb2 31. c5 Qb4 32. Rd3 Qxc5 33. Rd7+ Kg8 34. Rd8+ Kf7 35. Qb3+ Qc4 36. Qf3 e4 37. Qd1 Qc1 38. Rd7+ Kg8 39. Rd8+ Kg7 40. Rd7+ Kh6 0-1

[Event "IECC CL5-1999.06"]
[Site "IECC email"]
[Date "1999.02.01"]
[Round "?"]
[White "MacDonald, Weldon"]
[Black "Bennett, Gary"]
[Result "0-1"]
[WhiteElo "1475"]
[BlackElo "1469"]
[PlyCount "82"]
[EventDate "1999.??.??"]
[EventType "tourn (corr)"]
[EventRounds "4"]
[SourceTitle "Corr 2008"]
[Source "ChessBase"]
[SourceDate "2008.06.24"]
[SourceVersion "1"]
[SourceVersionDate "2008.06.24"]
[SourceQuality "1"]

1. e4 c5 2. Nf3 d6 3. b4 cxb4 4. d4 e6 5. c4 bxc3 6. Qa4+ Bd7 7. Bb5 Qc7 8. 0-0 a6 9. Bxd7+ Nxd7 10. Qb3 Rc8 11. Na3 d5 12. Re1 dxe4 13. Rxe4 Ngf6 14. Re3 Bd6 15. Nc2 0-0 16. Ba3 Bxa3 17. Qxa3 Nd5 18. Re2 Qc4 19. Ree1 Ra8 20. Ne3 Nxe3 21. Rxe3 Rfc8 22. Rc1 c2 23. Rd3 Nf6 24. Ne1 Nd5 25. Rxc2 Qb4 26. Rxc8+ Rxc8 27. Qxb4 Nxb4 28. Rb3 Rc1 29. Re3 Nc2 30. Re2 Nxe1 31. g3 Nf3+ 32. Kg2 Nxd4 33. Rd2 Rg1+ 34. Kh3 e5 35. Rb2 b5 36. a4 f6 37. Rb4 a5 38. Rb2 b4 39. Kh4 Rc1 40. h3 b3 41. f4 Rc2 0-1

[Event "IECC CL5-1999.06"]
[Site "IECC email"]
[Date "1999.02.01"]
[Round "?"]
[White "Watson, Roger E"]
[Black "Bennett, Gary"]
[Result "0-1"]
[WhiteElo "1574"]
[BlackElo "1461"]
[PlyCount "34"]
[EventDate "1999.??.??"]
[EventType "tourn (corr)"]
[EventRounds "4"]
[SourceTitle "Corr 2008"]
[Source "ChessBase"]
[SourceDate "2008.06.24"]
[SourceVersion "1"]
[SourceVersionDate "2008.06.24"]
[SourceQuality "1"]

1. e4 e5 2. Nf3 Nc6 3. d4 exd4 4. Nxd4 Bc5 5. Nxc6 bxc6 6. Bd3 d6 7. 0-0 h6 8. Nc3 Nf6 9. h3 0-0 10. Bf4 Re8 11. Qd2 Nh5 12. Be3 Bxe3 13. Qxe3 Qf6 14. Rae1 Nf4 15. Bc4 d5 16. Bd3 d4 17. Qf3 Nxh3+ 0-1

[Event "IECC KO email"]
[Site "IECC email"]
[Date "1998.12.12"]
[Round "3"]
[White "Leperlier, Gabriel"]
[Black "Bennett, Gary"]
[Result "1-0"]
[WhiteElo "1605"]
[BlackElo "1477"]
[PlyCount "59"]
[EventDate "1998.??.??"]
[EventType "tourn (corr)"]
[EventRounds "6"]
[SourceTitle "Corr 2008"]
[Source "ChessBase"]
[SourceDate "2008.06.24"]
[SourceVersion "1"]
[SourceVersionDate "2008.06.24"]
[SourceQuality "1"]

1. b3 d5 2. Bb2 Nc6 3. Nf3 e5 4. Nxe5 Nxe5 5. Bxe5 Nf6 6. e3 Bg4 7. Be2 Bxe2 8. Qxe2 Nd7 9. Bb2 c5 10. 0-0 Nf6 11. d4 Be7 12. dxc5 0-0 13. Rd1 Qa5 14. Bd4 Ne4 15. Qg4 Nf6 16. Qf4 Rfe8 17. Nc3 Rad8 18. a4 Nh5 19. Qf3 Nf6 20. Rab1 Ne4 21. b4 Qa6 22. Nxe4 dxe4 23. Qxe4 Bf8 24. Qd3 Qe6 25. a5 Rd7 26. c4 Red8 27. Qc3 h6 28. Re1 f6 29. Rbd1 Bxc5 30. bxc5 1-0

[Event "IECC Trio 650 email"]
[Site "IECC email"]
[Date "1998.11.28"]
[Round "?"]
[White "Johnson, Bernard S"]
[Black "Bennett, Gary"]
[Result "0-1"]
[WhiteElo "1398"]
[BlackElo "1476"]
[PlyCount "120"]
[EventDate "1998.??.??"]
[EventType "tourn (corr)"]
[EventRounds "4"]
[SourceTitle "Corr 2008"]
[Source "ChessBase"]
[SourceDate "2008.06.24"]
[SourceVersion "1"]
[SourceVersionDate "2008.06.24"]
[SourceQuality "1"]

1. e4 c5 2. Nf3 Nc6 3. Bb5 d6 4. 0-0 Bd7 5. Re1 e5 6. d3 Nf6 7. Nc3 a6 8. Ba4 Be7 9. Be3 0-0 10. a3 b5 11. Bb3 Na5 12. Bd5 Nxd5 13. Nxd5 Bc6 14. Bd2 Nb7 15. Bc3 Bxd5 16. exd5 Bf6 17. Qe2 Rc8 18. a4 b4 19. Bd2 Na5 20. Qe4 Re8 21. Qg4 g6 22. Bh6 c4 23. d4 Rc7 24. dxe5 dxe5 25. Rad1 Rd7 26. Bg5 Bxg5 27. Nxg5 f5 28. Qh4 e4 29. d6 Nb7 30. f3 h5 31. fxe4 fxe4 32. Rxe4 Nxd6 33. Rxd6 Rxd6 34. Rxe8+ Qxe8 35. Qxc4+ Kf8 36. Qxb4 Qe3+ 37. Kf1 Qc1+ 38. Kf2 Qd2+ 39. Qxd2 Rxd2+ 40. Kf3 Rxc2 41. b4 Rc4 42. Ne6+ Ke7 43. Nf4 g5 44. Nd5+ Ke6 45. Nb6 Rxb4 46. a5 Kf5 47. Ke3 g4 48. Nd5 Rb2 49. Kd3 Ra2 50. Ne3+ Kg5 51. Ke4 Rxa5 52. Nd5 Ra2 53. Ne3 a5 54. h3 a4 55. hxg4 hxg4 56. Ke5 a3 57. Ke6 Re2 58. Kd5 Rxe3 59. Kd4 Kf4 60. Kd5 a2 0-1

[Event "IECC Swiss email"]
[Site "IECC email"]
[Date "1998.11.27"]
[Round "2"]
[White "Levy, Yehuda"]
[Black "Bennett, Gary"]
[Result "0-1"]
[WhiteElo "1085"]
[BlackElo "1483"]
[PlyCount "66"]
[EventDate "1998.??.??"]
[EventType "tourn (corr)"]
[EventRounds "6"]
[SourceTitle "Corr 2008"]
[Source "ChessBase"]
[SourceDate "2008.06.24"]
[SourceVersion "1"]
[SourceVersionDate "2008.06.24"]
[SourceQuality "1"]

1. e4 c5 2. d4 cxd4 3. c3 dxc3 4. Nxc3 Nc6 5. Nf3 e5 6. Bc4 Bb4 7. 0-0 Nf6 8. Re1 0-0 9. a3 Bxc3 10. bxc3 d6 11. Rb1 Na5 12. Ba2 b6 13. Qd3 Bb7 14. Bg5 h6 15. Bh4 Re8 16. Rbd1 Rc8 17. Re3 Rc7 18. Bxf6 Qxf6 19. Qxd6 Qxd6 20. Rxd6 Kf8 21. Rd1 Nc4 22. Bxc4 Rxc4 23. Rd7 Bxe4 24. Nd2 Bc6 25. Rxf7+ Kxf7 26. Nxc4 Kf6 27. f4 exf4 28. Rxe8 Bxe8 29. Kf2 Ke6 30. Kf3 g5 31. h4 Bd7 32. hxg5 hxg5 33. Nd2 Bc6+ 0-1

[Event "IECC KO email"]
[Site "IECC email"]
[Date "1998.11.15"]
[Round "1"]
[White "Arnold, Lee"]
[Black "Bennett, Gary"]
[Result "1-0"]
[WhiteElo "1192"]
[BlackElo "1445"]
[PlyCount "91"]
[EventDate "1998.??.??"]
[EventType "tourn (corr)"]
[EventRounds "6"]
[SourceTitle "Corr 2008"]
[Source "ChessBase"]
[SourceDate "2008.06.24"]
[SourceVersion "1"]
[SourceVersionDate "2008.06.24"]
[SourceQuality "1"]

1. d4 Nf6 2. Nf3 e6 3. g3 c5 4. Bg2 d5 5. c4 dxc4 6. 0-0 Nc6 7. dxc5 Bxc5 8. Qxd8+ Nxd8 9. Ne5 Bd7 10. Nd2 Bb5 11. a4 Ba6 12. Ndxc4 Rc8 13. b3 0-0 14. Rd1 Nc6 15. Nxc6 bxc6 16. Bb2 Rb8 17. Bxf6 gxf6 18. Rac1 Rfc8 19. Rd7 Rd8 20. Rxd8+ Rxd8 21. Bxc6 Rc8 22. Bg2 Ba3 23. Rc2 Bc5 24. e3 Rd8 25. Bf1 Rd1 26. Rd2 Rb1 27. Rd7 Bxc4 28. bxc4 Kf8 29. Rc7 Bb6 30. Rc8+ Ke7 31. Rh8 Ra1 32. Rxh7 Rxa4 33. Kg2 Ra2 34. Kf3 f5 35. Rh5 a5 36. h4 a4 37. Rh8 Bd8 38. h5 a3 39. h6 Ba5 40. h7 Bc3 41. Ra8 Be1 42. Re8+ Kd7 43. Rd8+ Ke7 44. Be2 Bc3 45. Rd4 Bxd4 46. exd4 1-0

[Event "IECC KO email"]
[Site "IECC email"]
[Date "1998.11.15"]
[Round "1"]
[White "Kanios, Michal"]
[Black "Bennett, Gary"]
[Result "0-1"]
[WhiteElo "1012"]
[BlackElo "1422"]
[PlyCount "70"]
[EventDate "1998.??.??"]
[EventType "tourn (corr)"]
[EventRounds "6"]
[SourceTitle "Corr 2008"]
[Source "ChessBase"]
[SourceDate "2008.06.24"]
[SourceVersion "1"]
[SourceVersionDate "2008.06.24"]
[SourceQuality "1"]

1. e4 c5 2. Nf3 d6 3. d4 cxd4 4. Nxd4 Nc6 5. Bb5 Bd7 6. Bxc6 bxc6 7. Nb3 e5 8. Nc3 Nf6 9. Bg5 Be6 10. 0-0 Be7 11. h3 d5 12. exd5 cxd5 13. Re1 d4 14. Ne4 Nxe4 15. Bxe7 Qxe7 16. Rxe4 Bd5 17. Re1 Qg5 18. f3 0-0 19. Qe2 Bxb3 20. axb3 Rfe8 21. f4 Qxf4 22. Rf1 Qg5 23. Qf3 f6 24. Qd5+ Kh8 25. Qc6 Rac8 26. Qd7 Red8 27. Qe7 Re8 28. Qd7 Rg8 29. Rxa7 Rxc2 30. Qd5 Rxb2 31. Rb7 d3 32. Rd7 f5 33. h4 Qg3 34. Qf3 Qxf3 35. Rxf3 e4 0-1